[Event "Gipuzkoa-ch A"]
[Site "Azpeitia"]
[Date "2019.11.09"]
[Round "4"]
[White "Ros Eskisabel, Jose Ramon"]
[Black "Izquierdo Arruferia, Joseba"]
[Result "1/2-1/2"]
[WhiteElo "2098"]
[BlackElo "1910"]
[PlyCount "85"]
[EventDate "2019.10.19"]
[EventType "swiss"]
[EventRounds "7"]
[EventCountry "ESP"]
[SourceTitle "EXT 2024"]
[Source "ChessBase"]
[SourceDate "2023.10.10"]
[SourceVersion "1"]
[SourceVersionDate "2023.10.10"]
[SourceQuality "1"]

1. e4 e6 2. d4 d5 3. Nd2 Nc6 4. Ngf3 Nf6 5. e5 Nd7 6. Nb3 Ne7 7. c3 c5 8. Be2 Nc6 9. 0-0 c4 10. Nbd2 b5 11. Ne1 Be7 12. f4 b4 13. Ndf3 bxc3 14. bxc3 Qa5 15. Qc2 Nb6 16. Bd2 Rb8 17. Rb1 Bd7 18. g4 g6 19. Ng2 0-0 20. Ne3 Ba3 21. Qd1 Na4 22. Rxb8 Rxb8 23. Qe1 Rb2 24. Bxc4 Rxd2 25. Qxd2 Nxc3 26. Bb3 Bb4 27. Kh1 Qb6 28. Nc2 Ne4 29. Qg2 Bc3 30. Rd1 Na5 31. Rb1 Nc6 32. Qg1 Qa6 33. Qe3 Qb6 34. Rd1 Na5 35. Ng5 Qc7 36. Nxe4 dxe4 37. d5 exd5 38. Bxd5 Bxg4 39. Rf1 Bf3+ 40. Rxf3 exf3 41. Qxf3 Kg7 42. Qd1 Qb6 43. Kg2 1/2-1/2

[Event "Olomouc Summer op 20th"]
[Site "Olomouc"]
[Date "2017.08.15"]
[Round "5"]
[White "Houska, Jiri"]
[Black "Izquierdo Arruferia, Joseba"]
[Result "1-0"]
[WhiteElo "2202"]
[BlackElo "1912"]
[PlyCount "39"]
[EventDate "2017.08.12"]
[EventType "swiss"]
[EventRounds "9"]
[EventCountry "CZE"]
[SourceTitle "CBM 180 Extra"]
[Source "ChessBase"]
[SourceDate "2017.10.06"]
[SourceVersion "1"]
[SourceVersionDate "2017.10.06"]
[SourceQuality "1"]

1. d4 Nf6 2. Nf3 e6 3. c4 Bb4+ 4. Bd2 Bxd2+ 5. Qxd2 Qe7 6. Nc3 Nc6 7. e4 e5 8. dxe5 Nxe5 9. Be2 d6 10. 0-0 0-0 11. h3 Ng6 12. Bd3 Be6 13. Rfe1 Qd7 14. Bf1 Nh5 15. Nd4 Nhf4 16. Kh2 Nh5 17. Rad1 Ne5 18. b3 b6 19. f4 Rad8 20. fxe5 1-0

[Event "San Sebastian Primavera de Gros op 11th"]
[Site "San Sebastian"]
[Date "2015.05.16"]
[Round "4"]
[White "Izquierdo Arruferia, Joseba"]
[Black "Urcelay Crucelaegui, Zigor"]
[Result "1-0"]
[WhiteElo "1857"]
[BlackElo "1351"]
[PlyCount "27"]
[EventDate "2015.04.25"]
[EventType "swiss"]
[EventRounds "8"]
[EventCountry "ESP"]
[SourceTitle "EXT 2019"]
[Source "ChessBase"]
[SourceDate "2018.10.10"]
[SourceVersion "1"]
[SourceVersionDate "2018.10.10"]
[SourceQuality "1"]

1. e4 e6 2. d4 d5 3. Nd2 dxe4 4. Nxe4 Nf6 5. Bd3 Nc6 6. Nf3 Be7 7. c3 b6 8. Qe2 Bb7 9. Bf4 Nd5 10. Bd2 f5 11. Neg5 Bxg5 12. Nxg5 Nde7 13. Nxe6 Qd5 14. Nxc7+ 1-0

[Event "Donostia Spring op 10th"]
[Site "Donostia"]
[Date "2014.06.07"]
[Round "5.6"]
[White "Izquierdo Arruferia, Joseba"]
[Black "Esnaola Gaston, Fernando"]
[Result "1/2-1/2"]
[WhiteElo "1852"]
[BlackElo "1941"]
[PlyCount "47"]
[EventDate "2014.05.10"]
[EventType "swiss"]
[EventRounds "7"]
[EventCountry "ESP"]
[SourceTitle "EXT 2024"]
[Source "ChessBase"]
[SourceDate "2023.10.10"]
[SourceVersion "1"]
[SourceVersionDate "2023.10.10"]
[SourceQuality "1"]

1. e4 c5 2. Nc3 d6 3. d3 Nc6 4. g3 g6 5. Bg2 Bg7 6. f4 e6 7. Nf3 Nge7 8. 0-0 0-0 9. Be3 Nd4 10. Rb1 Nec6 11. Ne2 Nxe2+ 12. Qxe2 Nd4 13. Qf2 Nxf3+ 14. Qxf3 Bd7 15. f5 exf5 16. exf5 Bc6 17. Qf2 Bxg2 18. Kxg2 Qf6 19. Bd2 Qxf5 20. Qxf5 gxf5 21. Rxf5 Rfe8 22. Bc3 Bxc3 23. bxc3 b6 24. Rbf1 1/2-1/2

[Event "Donostia Spring op 10th"]
[Site "Donostia"]
[Date "2014.05.24"]
[Round "3.7"]
[White "Vicente Ezeiza, Mikel"]
[Black "Izquierdo Arruferia, Joseba"]
[Result "0-1"]
[WhiteElo "1811"]
[BlackElo "1852"]
[PlyCount "98"]
[EventDate "2014.05.10"]
[EventType "swiss"]
[EventRounds "7"]
[EventCountry "ESP"]
[SourceTitle "EXT 2024"]
[Source "ChessBase"]
[SourceDate "2023.10.10"]
[SourceVersion "1"]
[SourceVersionDate "2023.10.10"]
[SourceQuality "1"]

1. f4 e6 2. Nf3 d5 3. e3 c5 4. b3 Nc6 5. Bb5 Bd7 6. Bxc6 Bxc6 7. Ne5 Qh4+ 8. g3 Qh3 9. Nxc6 bxc6 10. Qe2 a6 11. Bb2 Nf6 12. Nc3 Be7 13. Nd1 h5 14. Nf2 Qf5 15. Qd3 Qxd3 16. Nxd3 Rg8 17. Ne5 Rc8 18. 0-0-0 Nd7 19. h3 Nxe5 20. Bxe5 d4 21. exd4 f6 22. Rde1 fxe5 23. Rxe5 cxd4 24. Rxe6 Kd7 25. Re4 Bf6 26. Rhe1 Rge8 27. g4 hxg4 28. hxg4 Rxe4 29. Rxe4 Re8 30. d3 c5 31. g5 Bd8 32. Kd2 Bc7 33. f5 Rxe4 34. dxe4 Bf4+ 35. Kd3 Bxg5 36. Kc4 Kc6 37. b4 Be7 38. a3 Bd6 39. a4 cxb4 40. Kxd4 Bg3 41. e5 Be1 42. a5 Bc3+ 43. Kc4 Bxe5 44. Kxb4 Bg3 45. Kc4 Kd6 46. Kd4 Be1 47. c3 Bh4 48. Kc4 Bd8 49. Kb4 Ke5 0-1

[Event "Donostia Gipuzkoa-ch"]
[Site "San Sebastian"]
[Date "2013.11.16"]
[Round "7"]
[White "Aizpurua Zufiria, Inaki"]
[Black "Izquierdo Arruferia, Joseba"]
[Result "0-1"]
[WhiteElo "1564"]
[BlackElo "1878"]
[PlyCount "80"]
[EventDate "2013.10.05"]
[EventType "swiss"]
[EventRounds "7"]
[EventCountry "ESP"]
[SourceTitle "EXT 2015"]
[Source "ChessBase"]
[SourceDate "2014.11.20"]
[SourceVersion "1"]
[SourceVersionDate "2014.11.20"]
[SourceQuality "1"]

1. e4 e6 2. d4 d5 3. exd5 exd5 4. c4 Nf6 5. Nc3 Bb4 6. Nf3 0-0 7. Bd3 dxc4 8. Bxc4 Bg4 9. 0-0 c6 10. Be3 Nbd7 11. a3 Bd6 12. h3 Bh5 13. g4 Bg6 14. Nh4 Nb6 15. Nxg6 hxg6 16. Ba2 Re8 17. Qd3 Bc7 18. Rae1 Qd6 19. f4 Nfd5 20. Bd2 Rxe1 21. Rxe1 Nxf4 22. Bxf4 Qxf4 23. Re2 Rf8 24. Rf2 Qg3+ 25. Qxg3 Bxg3 26. Rf3 Bh4 27. Ne4 Nd5 28. Bxd5 cxd5 29. Nd6 Bf6 30. Rd3 b6 31. Nb5 a6 32. Nc3 Rd8 33. Kf2 Kf8 34. Ke2 Ke7 35. Re3+ Kd6 36. Kd3 b5 37. b4 Rc8 38. Re2 Rc4 39. Rf2 Rxd4+ 40. Kc2 Rc4 0-1

[Event "Donostia Spring op 09th"]
[Site "Donostia"]
[Date "2013.06.01"]
[Round "8"]
[White "Olabe Odriozola, Eduardo"]
[Black "Izquierdo Arruferia, Joseba"]
[Result "0-1"]
[WhiteElo "1972"]
[BlackElo "1879"]
[PlyCount "66"]
[EventDate "2013.04.19"]
[EventType "swiss"]
[EventRounds "8"]
[EventCountry "ESP"]
[SourceTitle "EXT 2024"]
[Source "ChessBase"]
[SourceDate "2023.10.10"]
[SourceVersion "1"]
[SourceVersionDate "2023.10.10"]
[SourceQuality "1"]

1. e4 e6 2. d4 d5 3. exd5 exd5 4. Nf3 Nf6 5. c4 dxc4 6. Bxc4 Be7 7. 0-0 0-0 8. Re1 c6 9. Ne5 Nd5 10. Nc3 Be6 11. Bd3 Nd7 12. Ne4 N7f6 13. Ng5 Qc8 14. Nxe6 fxe6 15. Bg5 Bd6 16. Qe2 Qc7 17. Qf3 Rae8 18. Qh3 Bb4 19. Re2 Qd6 20. g4 h6 21. Bxf6 Rxf6 22. Qg3 Nf4 23. Re4 g5 24. Bc2 Qd5 25. h4 Kg7 26. Nf3 Qxe4 27. Bxe4 Ne2+ 28. Kg2 Nxg3 29. Kxg3 Bd6+ 30. Kh3 Ref8 31. Kg2 gxh4 32. Nxh4 Rxf2+ 33. Kh3 Rh2# 0-1

[Event "San Sebastian Primavera de Gros op 8th"]
[Site "San Sebastian"]
[Date "2012.06.02"]
[Round "7"]
[White "Ros Eskisabel, Jose Ramon"]
[Black "Izquierdo Arruferia, Joseba"]
[Result "1-0"]
[WhiteElo "2100"]
[BlackElo "1826"]
[PlyCount "37"]
[EventDate "2012.04.21"]
[EventType "swiss"]
[EventRounds "7"]
[EventCountry "ESP"]
[SourceTitle "EXT 2014"]
[Source "ChessBase"]
[SourceDate "2013.11.20"]
[SourceVersion "1"]
[SourceVersionDate "2013.11.20"]
[SourceQuality "1"]

1. Nf3 e6 2. c4 Nf6 3. g3 b6 4. Bg2 Bb7 5. 0-0 Be7 6. d4 0-0 7. Nc3 d5 8. Ne5 Nbd7 9. Qa4 Nxe5 10. dxe5 Nd7 11. cxd5 Nxe5 12. d6 Bxg2 13. dxe7 Qxe7 14. Kxg2 f5 15. Bf4 Nf7 16. Rad1 Rfd8 17. Rxd8+ Nxd8 18. Rd1 c6 19. Qd4 1-0

[Event "San Sebastian Primavera de Gros op 8th"]
[Site "San Sebastian"]
[Date "2012.05.05"]
[Round "3"]
[White "Galarza Cenzano, Inigo"]
[Black "Izquierdo Arruferia, Joseba"]
[Result "0-1"]
[WhiteElo "2002"]
[BlackElo "1826"]
[PlyCount "70"]
[EventDate "2012.04.21"]
[EventType "swiss"]
[EventRounds "7"]
[EventCountry "ESP"]
[SourceTitle "EXT 2014"]
[Source "ChessBase"]
[SourceDate "2013.11.20"]
[SourceVersion "1"]
[SourceVersionDate "2013.11.20"]
[SourceQuality "1"]

1. e4 e6 2. d3 d5 3. Nd2 c5 4. Ngf3 Nf6 5. g3 Nc6 6. Bg2 Qc7 7. 0-0 d4 8. Nc4 e5 9. a4 Be6 10. Na3 0-0-0 11. Nb5 Qb6 12. Ng5 h6 13. Nxe6 fxe6 14. Bd2 a6 15. Na3 Qc7 16. Nc4 b6 17. a5 b5 18. Nb6+ Kb7 19. f4 Ka7 20. fxe5 Nxe5 21. Bh3 Re8 22. Qe2 Nc6 23. Rf2 Bd6 24. Bg2 Be5 25. Raf1 h5 26. Bf3 Reg8 27. Rg2 g5 28. Qf2 h4 29. gxh4 gxh4 30. Kh1 Rxg2 31. Qxg2 h3 32. Qf2 Rg8 33. Rg1 Qf7 34. Be2 Qh7 35. Rf1 Rg2 0-1

[Event "San Sebastian Gros op 21st"]
[Site "San Sebastian"]
[Date "2011.09.15"]
[Round "7"]
[White "Izquierdo Arruferia, Joseba"]
[Black "D'Amade, Philippe"]
[Result "0-1"]
[WhiteElo "1811"]
[BlackElo "1856"]
[PlyCount "118"]
[EventDate "2011.09.09"]
[EventType "swiss"]
[EventRounds "9"]
[EventCountry "ESP"]
[SourceTitle "CBM 144 Extra"]
[Source "ChessBase"]
[SourceDate "2011.10.28"]
[SourceVersion "1"]
[SourceVersionDate "2011.10.28"]
[SourceQuality "1"]

1. e4 e6 2. d4 d5 3. exd5 exd5 4. Bd3 Nf6 5. Nf3 Bd6 6. 0-0 0-0 7. c3 c6 8. Bg5 Bg4 9. Nbd2 Nbd7 10. Qc2 Qc7 11. Rfe1 Rfe8 12. Bf5 Bxf5 13. Qxf5 g6 14. Qc2 Bf4 15. Bh4 Nh5 16. Bg3 Nxg3 17. hxg3 Bd6 18. Kf1 h6 19. Qd3 Kg7 20. Re2 Rxe2 21. Qxe2 Nf6 22. Re1 Re8 23. Qd3 Rxe1+ 24. Kxe1 Qe7+ 25. Qe2 Ne4 26. Nxe4 dxe4 27. Nd2 f5 28. Nc4 Bc7 29. Ne3 Qe6 30. b3 b5 31. Qd2 Bb6 32. d5 Bxe3 33. Qxe3 Qxd5 34. Qxa7+ Kf6 35. Qe3 g5 36. Qd2 Ke5 37. Qc2 f4 38. gxf4+ gxf4 39. Qe2 Kd6 40. Qg4 Qe5 41. Qg6+ Kc5 42. Kd2 e3+ 43. fxe3 fxe3+ 44. Ke2 Qxc3 45. Qxh6 Qd2+ 46. Kf3 Qf2+ 47. Ke4 e2 48. Qg5+ Kb4 49. Qd2+ Ka3 50. Qa5+ Kb2 51. Qd2+ Kb1 52. Qd3+ Kxa2 53. Qc2+ Ka3 54. Qc1+ Kxb3 55. Qb1+ Ka4 56. Qa2+ Kb4 57. Qd2+ Kb3 58. Qd3+ Ka4 59. Qc2+ Ka5 0-1

[Event "San Sebastian op 20th"]
[Site "San Sebastian"]
[Date "2010.09.29"]
[Round "6"]
[White "Izquierdo Arruferia, Joseba"]
[Black "Lakunza Oyarbide, Juan Carlos"]
[Result "0-1"]
[WhiteElo "1804"]
[BlackElo "2102"]
[PlyCount "140"]
[EventDate "2010.09.24"]
[EventType "swiss"]
[EventRounds "9"]
[EventCountry "ESP"]
[SourceTitle "CBM 138 Extra"]
[Source "ChessBase"]
[SourceDate "2010.10.29"]
[SourceVersion "1"]
[SourceVersionDate "2010.10.29"]
[SourceQuality "1"]

1. e4 e5 2. Nf3 Nc6 3. Bb5 Nd4 4. Nxd4 exd4 5. d3 Bc5 6. 0-0 c6 7. Bc4 d5 8. exd5 cxd5 9. Bb5+ Bd7 10. Bxd7+ Qxd7 11. c3 Ne7 12. Qb3 0-0 13. cxd4 Bxd4 14. Nd2 Rac8 15. Nf3 Nf5 16. Bd2 Rc6 17. Bc3 Rb6 18. Qd1 Bxc3 19. bxc3 Rc8 20. Qd2 Qc7 21. Qg5 Rf6 22. Rfc1 h6 23. Qg4 Ne7 24. Rc2 Ng6 25. Qd4 Nf4 26. g3 Ne6 27. Qe3 Qd7 28. Rac1 Qa4 29. Ne5 d4 30. Qe4 Rd8 31. Ng4 Rg6 32. Ne5 Nc5 33. Qh4 Rgd6 34. Qe7 Qe8 35. Qxe8+ Rxe8 36. cxd4 Ne6 37. Rc8 Kf8 38. Rxe8+ Kxe8 39. Rc8+ Ke7 40. Nf3 Kd7 41. Rc4 f6 42. Kf1 b5 43. Rb4 Rd5 44. a4 a5 45. Rxb5 Rxb5 46. axb5 a4 47. d5 Nc7 48. Nd4 a3 49. Ke2 Nxb5 50. Nc2 Kd6 51. Kd2 Kxd5 52. Nb4+ Kd4 53. Na2 g6 54. h3 f5 55. Kc2 g5 56. Kd2 h5 57. Kc2 h4 58. gxh4 gxh4 59. Kd2 Nc7 60. Nb4 Kc5 61. Na2 Nd5 62. Nc1 Nf4 63. Ke3 Nxh3 64. f4 Kb4 65. d4 Kc4 66. Na2 Nxf4 67. Kxf4 Kxd4 68. Kf3 Kd3 69. Kg2 f4 70. Kf2 h3 0-1

[Event "San Sebastian Primavera de Gros op 6th"]
[Site "San Sebastian"]
[Date "2010.06.05"]
[Round "7"]
[White "Izquierdo Arruferia, Joseba"]
[Black "Ros Eskisabel, Jose Ramon"]
[Result "1/2-1/2"]
[WhiteElo "1807"]
[BlackElo "2143"]
[PlyCount "81"]
[EventDate "2010.04.24"]
[EventType "swiss"]
[EventRounds "8"]
[EventCountry "ESP"]
[SourceTitle "EXT 2024"]
[Source "ChessBase"]
[SourceDate "2023.10.10"]
[SourceVersion "1"]
[SourceVersionDate "2023.10.10"]
[SourceQuality "1"]

1. e4 e5 2. Nf3 Nc6 3. Bb5 f5 4. d3 fxe4 5. dxe4 Nf6 6. 0-0 Bc5 7. Bc4 d6 8. c3 Qe7 9. Nbd2 a6 10. b4 Ba7 11. Qb3 Nd8 12. a4 Ne6 13. Ba3 Rb8 14. a5 Nf4 15. Rab1 Be6 16. Bxe6 Qxe6 17. Qxe6+ Nxe6 18. g3 Nd7 19. Kg2 0-0 20. Nh4 g6 21. Nhf3 Rf7 22. Ne1 Rbf8 23. Nd3 b5 24. Rbe1 c5 25. Re2 c4 26. Ne1 g5 27. h3 Nf6 28. Bc1 Kg7 29. Bb2 Kg6 30. Bc1 h6 31. Ndf3 Rd7 32. Be3 Bb8 33. Bb6 d5 34. exd5 Rxd5 35. Rd2 e4 36. Nd4 Re8 37. Nec2 Nd7 38. Ne3 Rd6 39. Nef5 Rd5 40. Ne3 Rd6 41. Nef5 1/2-1/2

[Event "San Sebastian op 19th"]
[Site "San Sebastian"]
[Date "2009.09.25"]
[Round "1"]
[White "Izquierdo Arruferia, Joseba"]
[Black "Paunovic, Dragan"]
[Result "0-1"]
[WhiteElo "1764"]
[BlackElo "2533"]
[PlyCount "64"]
[EventDate "2009.09.25"]
[EventType "swiss"]
[EventRounds "9"]
[EventCountry "ESP"]
[SourceTitle "EXT 2010"]
[Source "ChessBase"]
[SourceDate "2010.11.25"]
[SourceVersion "1"]
[SourceVersionDate "2010.11.25"]
[SourceQuality "1"]

1. e4 c5 2. Nc3 e6 3. g3 d5 4. exd5 exd5 5. Bg2 Nf6 6. d3 Nc6 7. Bg5 d4 8. Ne4 Be7 9. Bxf6 Bxf6 10. Nxf6+ Qxf6 11. Ne2 0-0 12. 0-0 Bg4 13. f3 Be6 14. Nf4 Rae8 15. Nxe6 Rxe6 16. Re1 Rfe8 17. Rxe6 Rxe6 18. f4 Re3 19. Qg4 g6 20. Qc8+ Kg7 21. Bxc6 bxc6 22. Qg4 h5 23. Qd1 Qe6 24. Kf2 h4 25. gxh4 Qh3 26. Kg1 Qxh4 27. Qf1 Qg4+ 28. Kh1 Rf3 29. Qe2 Qxf4 30. Re1 Rf2 31. Qe5+ Qxe5 32. Rxe5 Rxc2 0-1

[Event "San Sebastian Mailako op 2nd"]
[Site "San Sebastian"]
[Date "2008.11.15"]
[Round "5"]
[White "Izquierdo Arruferia, Joseba"]
[Black "Goni Garmendia, Aitor"]
[Result "1-0"]
[WhiteElo "1785"]
[BlackElo "1825"]
[PlyCount "99"]
[EventDate "2008.10.18"]
[EventType "swiss"]
[EventRounds "7"]
[EventCountry "ESP"]
[SourceTitle "EXT 2011"]
[Source "ChessBase"]
[SourceDate "2010.11.26"]
[SourceVersion "1"]
[SourceVersionDate "2010.11.26"]
[SourceQuality "1"]

1. e4 c5 2. Nc3 d6 3. Bc4 Nf6 4. Nge2 e6 5. 0-0 Be7 6. d4 cxd4 7. Nxd4 0-0 8. Be3 a6 9. Bb3 Qc7 10. Qf3 b5 11. Rfe1 Bb7 12. Bxe6 Nc6 13. Bb3 Na5 14. Nf5 Nxb3 15. cxb3 Rfe8 16. Nxe7+ Qxe7 17. Bg5 Qe5 18. Bxf6 gxf6 19. Qg3+ Kf8 20. Qxe5 Rxe5 21. f3 Rc8 22. b4 Re7 23. Red1 Rd7 24. Rd2 Ke7 25. Rad1 Bc6 26. Ne2 Rcd8 27. Nd4 Bb7 28. Ne2 Bc6 29. Nc3 Bb7 30. Nd5+ Bxd5 31. Rxd5 Rc7 32. R1d2 Rc6 33. Kf2 Rd7 34. Rh5 Rdc7 35. Rhd5 Rc8 36. a3 R8c7 37. b3 Rd7 38. a4 bxa4 39. bxa4 Rb6 40. b5 a5 41. Rc2 Rdb7 42. Rh5 Rd7 43. Rxh7 d5 44. exd5 Rxd5 45. Rh4 Rbd6 46. Rhc4 Rd2+ 47. Rxd2 Rxd2+ 48. Kg3 Rb2 49. h4 Rb4 50. Rg4 1-0